000
00280nam a2200121Ia 4500
008
190216s9999||||xx |||||||||||||| ||und||
100
_a
Patrick Anderson
245
0
_a
Lords Of The Earth
260
_b
Methuen & Co
_c
1936
300
_a
594
650
_a
English Novel
942
_c
BK
999
_c
13293
_d
13293